MDQL
is popping MORE tags! Check the
thread
!
Quizzes
Events
Quiz Creation
Community
Videos
Private Events
Remove Ads
Sign In
Join for FREE
Feedback
Dark Mode
Quiz Categories
Sports
Geography
Music
Movies
Television
Just For Fun
Miscellaneous
History
Literature
Language
Science
Gaming
Entertainment
Religion
Holiday
For Kids
Quiz Lab
Recent
Popular Today
Quiz Kudos Today
Editor Picks
Curator Picks
Quizzes by...
Day
Popularity
Type
Ratings
Length
Year
Community
Subscriptions
Recent Discussions
Orange Saloon
Badges
Playlists
Quests
Create
Leaderboards
Showdown
Live 5
Trivia Bingo
Activity
Puzzle Library
Sporcle Events
Private Events
Virtual Trivia
Globe League
Become a Host
Pub Owners
SporcleCon
Opinionation
Our Games
Videos
Blog
Mobile Apps
Partnerships
Remove Ads and Go Orange
Feedback
Geography
Country
Landmarks
City
State
Population
World
Capital
Continent
Flags
Europe
Africa
Asia
South America
North America
Oceania
Border
Canada
United Kingdom
Topography
United States
Geography
Country
Landmarks
City
State
Population
World
Capital
Continent
Flags
Europe
Africa
Asia
South America
North America
Oceania
Border
Canada
United Kingdom
Topography
United States
Random Quiz
Search Sporcle
×
Quiz Lab
Quiz Lab
Geography
World
Type in answers that appear in a list
Type in answers that appear in a list
Classic
Best Score? Go Orange.
RHIT Islamic studies Map Quiz 2 pg 229 Stats
Can you name the historical places of the Islamic world?
By
TeddySterne
10m
41 Questions
43 Plays
43 Plays
43 Plays
Comments
Comments
Give Quiz Kudos
Give Quiz Kudos
-
- Ratings
hide this ad
Forced Order
Answers have to be entered in order
Answers have to be entered in order
Random Order
Randomize order of answers
Randomize order of answers
Replay
Link that replays current quiz
Next Quiz
Link to next quiz in quiz playlist
You Got
0%
They Got
Avg Score
72%
Avg Friend Score
Upgrade to see
Score Distribution
Jump to the score distribution portion of the page
Score
0/41
Timer
10:00
0
Plays Today
Label
Answer
% Correct
C
Caspian Sea
86%
B
Red Sea
81.4%
G
Bay of Bengal
81.4%
GG
Japan
81.4%
A
Black Sea
79.1%
F
Indian Ocean
79.1%
H
South China Sea
76.7%
6
Aden
76.7%
25
Brunei
76.7%
FF
Korea
76.7%
D
Persian Gulf
74.4%
E
Arabian Sea
74.4%
5
Mogadishu
74.4%
I
East China Sea
72.1%
3
Mombasa
72.1%
7
Jidda
72.1%
9
Basra
72.1%
10
Hormuz
72.1%
12
Surat
72.1%
15
Calicut
72.1%
16
Cochin
72.1%
Label
Answer
% Correct
23
Guangzhou
72.1%
AA
Horn of Africa
72.1%
CC
Vietnam
72.1%
EE
Spice Islands
72.1%
1
Sofala
69.8%
2
Kilwa
69.8%
4
Malindi
69.8%
8
Suez
69.8%
11
Cambay
69.8%
13
Goa
69.8%
14
Cannanore
69.8%
19
Pasai
69.8%
24
Sulu
69.8%
BB
Hadramawt
69.8%
17
Ayutthaya
67.4%
18
Aceh
67.4%
DD
Champa
67.4%
20
Melaka
65.1%
21
Pahang
65.1%
22
Pattani
65.1%
Quiz Playlist
Details
Report
Send in Message
Add To Playlist
Classic:
Type in answers that appear in a list
Forced Order:
Answers have to be entered in order
Random Order:
Randomize order of answers
Last Updated: Feb 16, 2017
Quiz Scoreboard
CHALLENGE
Sign Up to Join the Scoreboard
Show All
Scores
Hide
Comments
May contain spoilers
Recently Published
Two Season TV Shows II
by 123Four
Television
10m
Image Sorting: Flags VI
by Barbecue
Geography
2m
Find the 'City' Movie
by crazypaving
Movies
60s
More to Explore
Quiz From the Vault
Featured Blog Post
14 Easter Pick-up Lines to Find Eggs With
hide this ad
You Might Also Like...
Tags
Islam Quiz
World Quiz
islamic
Label
map
place
Study
Today's Top Quizzes in Geography
Browse Geography
hide this ad
Today's Top Quizzes in World
Browse World
Top Contributed Quizzes in Geography
1
Colored Red Europe Blitz I
2
Countries of the World - No Outlines Minefield
3
Colored Red Africa Blitz II
4
Colored Red Europe Blitz II
5
Colored Red Europe Blitz III
6
Colored Red Africa Blitz III
7
Colored Red States Blitz I
8
Colored Red States Blitz II
9
Colored Red States Blitz III
10
A Different View: World Oceans
Explore More
Trending Topics
Marvel
Anime
Crossword
Harry Potter
Kpop
NBA
Disney
WWE
Puzzle
Pokémon
Soccer
Song
Country
The Office
NFL
hide this ad
More By:
TeddySterne
Quiz
Plays
Rating
Category
Featured
Created
RHIT Islamic Studies Map Quiz 3
81
Geography
Jan 28, 2012
RHIT Islamic studies Map Quiz 2 pg 144
65
Geography
Jan 18, 2012
RHIT Islamic studies Map Quiz 2 pg 229
43
Geography
Jan 18, 2012
RHIT Islamic studies Map quiz 1 pg 73
37
1.67
Geography
Dec 11, 2011
RHIT Islamic studies Map quiz 1 pg 95
34
Geography
Dec 12, 2011
Go to Creator's Profile
Score Distribution
Quiz Creator Spotlight
TeddySterne
Follow
Send a Message
Quizzes Created
-
Created Quiz Play Count
-
More By This Creator
Popular Quizzes Today
1
Find the US States - No Outlines Minefield
2
Colored Red Africa Blitz
3
Find the 'City' Movie
4
5x2 Blitz: Bands
5
The Countries of the World
6
Find the Countries of Europe - No Outlines Minefield
7
Find the US States
8
US States
More Geography Quizzes
EU Member by Letter
Published
Trending Quizzes
Colored Red Europe Blitz I
Colored Red Africa Blitz II
Colored Red Europe Blitz II
Colored Red Africa Blitz III
Colored Red Europe Blitz III
Recently Updated
How Do You Spell That?
pecheneg
Godzilla Movies
pecheneg
Grab Bag: 4-10 Letters
pecheneg
2024 March Madness Bracket
pecheneg
Famous TV Couples
Peacemaker
Champions League XIs: Real Madrid
pecheneg
Largest US Cities 1790-2010
pecheneg
Rides in Walt Disney World
pecheneg
Most Oscar Losses (Acting)
pecheneg
Beyoncé Albums
pecheneg
Trending Topics
Marvel
Disney
Harry Potter
NBA
Crossword
Anime
Kpop
Puzzle
NFL
Country
Soccer
WWE
The Office
Pokémon
Song
Your Account Isn't Verified!
In order to create a playlist on Sporcle, you need to verify the email address you used during registration. Go to your
Sporcle Settings
to finish the process.
Report this User
Report this user for behavior that violates our
Community Guidelines
.
Details:
Send Report
Go to the Sporcle.com Mobile Site →
Comments